| 000 | 00697nam a22001575i 4500 | ||
|---|---|---|---|
| 008 | 210112s2021 mou 000 0 eng | ||
| 020 | _a9780323761550 | ||
| 050 |
_aRB113 _b.P38 |
||
| 100 | 1 | _aBanasik, Jacquelyn L, | |
| 245 | 1 | 0 |
_aPathophysiology / _cJacquelyn L Banasik. |
| 250 | _a7. | ||
| 260 |
_aSt Louis _bElsevier Ltd _c2022 |
||
| 300 | _apages cm | ||
| 520 | _a"Pathophysiology includes recent and relevant information on anatomy, biochemistry, cell physiology, genomics, and pathophysiology while not overwhelming the reader with minute detail. Attention is given to major concepts relevant to clinical practice while still providing enough detail for deep understanding"-- | ||
| 942 | _cBK | ||
| 999 |
_c2375 _d2375 |
||